000 00816nam a22002294a 4500
005 20090806134118.0
008 081111s2009 ii b 001 0 eng
010 _aENG-94639
020 _a8181560973
_c396.00
035 _aEN-78172
037 _bDBAD / PUB
040 _adpl
_bEnglish
100 _aGopal Krishan
245 _aA work book of graphology:
_b(a scientific analysis of handwriting) /
_cby Gopal Krishan
260 _aHaryana
_bAggarwal Parakashan
_c2008
270 _aS.C.F.-8, Vikas Vihar, Ambala City,
_bHaryana
300 _a131p.
_c22cm(Hb)
650 _aNonviolence.
650 _aPeace
_xReligious aspects.
942 _2ddc
_cEN
_mTOS
999 _c28967
_d28967